LEADER 01281nam a2200205 i 4500 001 000000022908 003 CaOOAMICUS 005 20180830125445.0 008 180830n fr u000 u und u 040 $aSeMil$bita 100 1 $aTixeront, Joseph,$c.$0(OLS)http://semarc/name/6981 245 10$aHistoire des dogmes dans l'antiquité chrétienne /$cPar J. Tixeront. 260 $aParis :$bVictor Lecoffre,$c[192?] 300 $av. ;$c19 cm. 773 0 $tBibliothèque de l'enseignement de l'histoire ecclésiastique.$dParis : Lecoffre, [189-?]$w()21693 774 0 $aTixeront, Joseph $tThéologie anténicéenne.$bDixième édition.$kBibliothèque de l'enseignement de l'histoire ecclésiastique$g1$w()185766 774 0 $aTixeront, Joseph $tSaint Athanase a Saint Augustin.$bSeptième édition.$kBibliothèque de l'enseignement de l'histoire ecclésiastique$g2$w()185772 774 0 $aTixeront, Joseph $tFin de l'age patristique.$bSixième édition.$kBibliothèque de l'enseignement de l'histoire ecclésiastique$g3$w()185773 996 $6245$aHistoire des dogmes dans l'antiquité chrétienne$9(OLS)http://semarc/title/19750 996 $6260$aParis :$bVictor Lecoffre$9(OLS)http://semarc/publisher/31317 LEADER 00748nam a2200193 i 4500 001 000000057770 003 CaOOAMICUS 005 19971017000000.0 008 971017n xx u000 u fre u 013 $a28942 040 $aSeMil$bita 100 1 $aDurand, Jean .$0(OLS)http://semarc/name/29433 245 10$aVie commune et pauvreté chez les religieux. 650 4$aPovertà - Religiosi.$0(OLS)http://semarc/subject/7733 650 4$aTesi di laurea.$0(OLS)http://semarc/subject/1690 650 4$aVita religiosa.$0(OLS)http://semarc/subject/5429 850 $aSeMil 852 $aSeMil$W1$xVenegono$y1$m2I V 473$j23924$B23924$CSeMilBibl$Z2$F23926 $81 996 $6245$aVie commune et pauvreté chez les religieux$9(OLS)http://semarc/title/89943